| 000 | 00509nam a22001937a 4500 | ||
|---|---|---|---|
| 003 | CEME | ||
| 005 | 20210628201806.0 | ||
| 008 | 210208b xxu||||| |||| 00| 0 eng d | ||
| 020 | _a81-203-0850-6 | ||
| 040 | _c. | ||
| 082 | _a621.3822 ROD | ||
| 100 |
_aRoden, Martin S _956853 |
||
| 245 | _aAnalog and digital communication systems | ||
| 250 | _a3RD | ||
| 260 |
_aNEW DLEHI _bPRENTICE HALL _c2002 |
||
| 300 | _aXVI,505P | ||
| 650 |
_aCOMMUNICATION SYSTEMS-ANALOG AND DIGITAL _956854 |
||
| 942 |
_cBK _2ddc |
||
| 999 |
_c567187 _d567187 |
||